| 000 | 01422pam a2200349 a 4500 | ||
|---|---|---|---|
| 001 | 3432548 | ||
| 005 | 20160721115747.0 | ||
| 008 | 910604s1991 nyua | b 001 0 eng d | ||
| 010 | _a 91020806 | ||
| 020 | _a0920887171 | ||
| 040 |
_aDNLM/DLC _cDLC _dDLC |
||
| 050 | 0 | 0 |
_aRC514 _b.S33644 1991 |
| 060 | 0 | _aWM 203 S337995 | |
| 082 | 0 | 0 |
_a616.8982 _222 _bSCH |
| 245 | 0 | 0 |
_aSchizophrenia Simplified : _bA Field Guide to Schizophrenia for Frontline Workers, Families, and Professionals / _cEditors and authors, J.F. Thornton, M.V. Seeman ; contributing authors, E.D. Plummer, J.J. Jeffries, S.K. Littman. |
| 260 |
_aLewiston, NY : _bHogrefe & Huber Publishers, 1991 _c1991. |
||
| 300 |
_aviii, 136 p. : _bill. (some col.) ; _c23 cm. |
||
| 500 | _aDonated by: Dr. Shahrazad | ||
| 504 | _aIncludes bibliographical references (p. 118-130) and index. | ||
| 650 | 0 |
_aSchizophrenia _xTreatment. _910422 |
|
| 650 | 0 |
_aSchizophrenia _xLaw and legislation. _910423 |
|
| 650 | 0 |
_aSchizophrenics _xFamily relationships. _910424 |
|
| 650 | 2 |
_aSchizophrenia _xrehabilitation. _910425 |
|
| 650 | 2 |
_aSchizophrenic Psychology. _910426 |
|
| 650 | 2 |
_aSocial Support. _910428 |
|
| 650 | 2 |
_910427 _aSocial Justice |
|
| 700 | 1 |
_aThornton, J. _q(John), _d1947- _910429 |
|
| 700 | 1 |
_aSeeman, M. V. _q(Mary Violette), _d1935- _910430 |
|
| 700 | 1 |
_aPlummer, E. D. _q(Elizabeth D.) _910431 |
|
| 942 |
_2ddc _cBB |
||
| 999 |
_c13152 _d13152 |
||